[Event "San Francisco TNM Winter op"]
[Site "San Francisco"]
[Date "2015.02.10"]
[Round "6"]
[White "Potharam, Eitetsu I"]
[Black "Chinguun, Bayaraa"]
[Result "1-0"]
[WhiteElo "1850"]
[BlackElo "2062"]
[PlyCount "53"]
[EventDate "2015.01.06"]
[EventType "swiss"]
[EventRounds "8"]
[EventCountry "USA"]
[SourceTitle "EXT 2016"]
[Source "ChessBase"]
[SourceDate "2015.10.08"]
[SourceVersion "1"]
[SourceVersionDate "2015.10.08"]
[SourceQuality "1"]

1. d4 d5 2. c4 e6 3. Nc3 c6 4. Nf3 Nf6 5. e3 Be7 6. Qc2 0-0 7. Bd3 Nbd7 8. 0-0 Re8 9. c5 Bf8 10. Ne5 g6 11. f4 Bg7 12. b4 Nxe5 13. fxe5 Nd7 14. e4 Qe7 15. Be3 f6 16. exf6 Bxf6 17. e5 Bg5 18. Bxg5 Qxg5 19. Rf3 Nf8 20. Rg3 Qh6 21. Rf1 Re7 22. Nd1 Qh4 23. Qf2 Bd7 24. Qe3 Rg7 25. Rf6 Rf7 26. Rh3 Qg4 27. Nf2 1-0

[Event "San Francisco TNM Fall op"]
[Site "San Francisco"]
[Date "2013.12.03"]
[Round "7"]
[White "Askin, Michael"]
[Black "Potharam, Eitetsu I"]
[Result "1-0"]
[WhiteElo "1887"]
[BlackElo "1725"]
[PlyCount "93"]
[EventDate "2013.10.22"]
[EventType "swiss"]
[EventRounds "9"]
[EventCountry "USA"]
[SourceTitle "EXT 2016"]
[Source "ChessBase"]
[SourceDate "2015.10.08"]
[SourceVersion "1"]
[SourceVersionDate "2015.10.08"]
[SourceQuality "1"]

1. Nf3 Nf6 2. c4 g6 3. Nc3 Bg7 4. d4 d5 5. Bg5 Ne4 6. Bh4 Nxc3 7. bxc3 c5 8. e3 Nc6 9. Rc1 cxd4 10. cxd4 0-0 11. Qd2 Be6 12. Ng5 Bg4 13. cxd5 Qxd5 14. f3 Bc8 15. Bc4 Qa5 16. Qxa5 Nxa5 17. Bd5 h6 18. Ne4 e6 19. Bc4 Nxc4 20. Rxc4 Bd7 21. Nd6 Bc6 22. Be7 Rfb8 23. e4 Bf8 24. Bxf8 Kxf8 25. Kd2 Ke7 26. e5 Rd8 27. Ne4 Bd5 28. Rc7+ Rd7 29. Rxd7+ Kxd7 30. Nf6+ Kd8 31. Nxd5 exd5 32. Rc1 Rc8 33. Rc5 Rxc5 34. dxc5 Kd7 35. Kd3 Ke6 36. Kd4 a6 37. a3 h5 38. h4 a5 39. a4 g5 40. hxg5 h4 41. g6 fxg6 42. f4 Kf5 43. Kxd5 Kxf4 44. e6 Kg3 45. e7 Kxg2 46. e8Q h3 47. Qxg6+ 1-0